000
00322nam a2200145Ia 4500
008
090124s9999 xx 000 0 und d
082
_b
203084
245
_a
AESOP'S FABLES
250
_a
4
260
_b
THOMAS VERON
_c
1987
300
_a
81
630
_a
AESOP'S FABLES
730
_a
AESOP'S FABLES
942
_c
BOOK
999
_c
184665
_d
184665